[Event "Edmonton 9th"]
[Site "Edmonton"]
[Date "2014.06.24"]
[Round "4"]
[White "So, Wesley"]
[Black "Ivanchuk, Vassily"]
[Result "1/2-1/2"]
[WhiteElo "2744"]
[BlackElo "2738"]
[Annotator "Schulz,Andre"]
[PlyCount "118"]
[EventDate "2014.06.21"]
[EventType "tourn"]
[EventRounds "9"]
[EventCountry "CAN"]
[EventCategory "10"]
[SourceTitle "CBM 161 Extra"]
[Source "ChessBase"]
[SourceDate "2014.08.29"]
[SourceVersion "1"]
[SourceVersionDate "2014.08.29"]
[SourceQuality "1"]

1. e4 c5 2. Nf3 e6 3. d4 cxd4 4. Nxd4 Nc6 5. Nc3 a6 6. Be3 ({Wenn Schwarz 5...
a6 spielt (statt 5...Dc7) tauschen viele Weißspieler hier gerne auf c6, in
der Hoffnung, dass der Zug 5...a6 sich als nutzlos erweist.} 6. Nxc6 bxc6 7.
Bd3 d5 8. O-O Nf6 9. Re1 Be7 10. e5 Nd7 11. Qg4 Kf8 12. b3 c5 13. Na4 Bb7 14.
c4 d4 15. Bd2 Qc7 16. Qf4 g5 17. Qg3 h5 18. f4 h4 19. Qf2 gxf4 20. Bxf4 Kg7 21.
Re2 Rag8 22. Rf1 Qd8 23. Nb2 Qe8 24. Be4 Bxe4 25. Rxe4 Rh5 26. Qe2 Rf5 27. Nd3
Nf8 28. Bc1 Ng6 29. Rxf5 exf5 30. Qd2 Rh8 31. Re1 h3 32. g3 Qc6 33. Qe2 a5 34.
Rf1 Qe4 35. Re1 Qc6 36. Rf1 Qe4 37. Re1 {1/2-1/2 (37) Karjakin,S (2786)
-Ivanchuk,V (2757) Loo 2013}) ({Eine der Hauptvarianten ist} 6. Be2 Qc7 7. O-O
Nf6 8. Be3 Bb4 {usw.}) 6... Nf6 7. Qd2 {Weiß möchte Ideen des Englischen
Angriffs verwirklichen.} e5 $5 {Hier liegt der Hund begraben. Das ist offenbar
eine Idee von Anton Kovalyov, der im Turnier ebenfalls mitspielt.} ({"Normal"
wäre} 7... Qc7 8. O-O-O {Ein aktuelles Beispiel aus der Rapid-WM:} Be7 (8...
Bb4) 9. f4 b5 10. e5 b4 11. exf6 bxc3 12. Qxc3 Bxf6 13. g4 Bb7 14. g5 Bxd4 15.
Rxd4 Rc8 16. Ra4 O-O 17. Rg1 d5 18. Kb1 Rfd8 19. Bd3 d4 20. Bxd4 Rxd4 21. Rxd4
Qb6 22. Bxh7+ Kxh7 23. g6+ fxg6 24. Qh3+ Kg8 25. Qxe6+ Kf8 26. Qd6+ Kg8 27.
Rdd1 Rf8 28. Qxg6 Qc7 29. Qe6+ Rf7 30. Qe8+ Kh7 31. Rd3 Bc8 32. Rd5 g6 33. Rh5+
{1-0 (33) Yu,Y (2675)-Svidler,P (2753) Dubai 2014}) 8. Nf5 {Wohin mit dem
Springer?} (8. Nb3 Bb4 $11) (8. Nf3 Bb4 9. Bc4 $5 Nxe4 10. Qd5 Nd6 11. Bb3 O-O
$11) 8... d5 9. exd5 Nb4 ({Möglich war auch} 9... Bxf5 10. dxc6 Qxd2+ 11. Kxd2
bxc6 $11) 10. Ng3 Nfxd5 $11 11. a3 ({In der Stammpartie geschah} 11. Bg5 f6 12.
Nxd5 Qxd5 13. Qxd5 Nxd5 14. O-O-O Be6 15. Bc4 O-O-O 16. Bd2 Rd7 17. Ne4 Kc7 18.
Bb3 Be7 19. Rhe1 h5 20. a3 Kc6 21. Bb4 Bxb4 22. axb4 Rdd8 23. Nc5 Bc8 24. c3
Nf4 25. Bc2 Kc7 26. Rxd8 Rxd8 27. g3 Nh3 28. f3 h4 29. Rd1 Rh8 30. Rf1 b6 31.
Ne4 Bb7 32. Kd1 Rd8+ 33. Ke1 Bc6 34. Nf2 Bb5 35. Nxh3 Bxf1 36. Kxf1 Rd2 37. Bf5
Rxb2 38. Nf2 a5 39. bxa5 bxa5 40. Nd3 Rxh2 41. gxh4 Kd6 42. Bg6 a4 43. Bf7 a3
44. Nb4 f5 45. Bb3 e4 46. fxe4 fxe4 47. Ke1 Ke5 48. h5 Kf4 49. Bf7 Ke3 50. Kd1
Rb2 51. Bd5 Kf2 52. Bc4 Kf3 53. Bd5 Rh2 54. Bf7 e3 55. Bd5+ Kf2 56. Bc4 Rh1+
57. Kc2 e2 {0-1 (57) Molner,M (2525)-Kovalyov,A (2617) Santa Clara 2014}) 11...
Nxe3 12. fxe3 Qxd2+ 13. Kxd2 Nc6 {Schwarz hat mehr als bequem ausgeglichen.}
14. Bc4 Bg4 15. h3 Rd8+ 16. Ke1 Bd7 17. Rf1 f6 18. Ke2 Na5 19. Ba2 Rc8 20. Kd3
b5 21. Nd5 Nc4 22. Bxc4 Rxc4 23. Nb6 Rc6 24. Nxd7 Kxd7 25. c3 g6 26. Ne4 Be7
27. Ke2 Ke6 28. g4 h5 29. Rh1 a5 (29... f5 $5 {mit der Idee} 30. Nd2 fxg4 31.
hxg4 h4) 30. Nd2 b4 31. axb4 axb4 32. c4 b3 33. g5 fxg5 34. Ra7 Rb8 35. Rc1 g4
36. hxg4 hxg4 37. Rg1 Rh8 38. Rg2 (38. Rxg4 $2 {verliert} Rh2+ 39. Ke1 (39. Kd1
Rd6 40. Rxg6+ Bf6) 39... Bh4+) 38... Bb4 {Es droht nun Lxd2 und Txc4 oder Td8,
aber Weiß hat genug Gegenspiel, um die Partie zu halten.} 39. Rxg4 Kf5 (39...
Rh2+ $6 40. Kf3 Rxd2 $2 41. Rxg6+ $16) 40. Rg2 Bxd2 (40... Rd8 41. e4+ Kf6 42.
Rf2+ Ke6 43. Nf3 $14) 41. Rf7+ (41. Kxd2 {reicht vielleicht auch noch zum
Remis.} Rxc4 42. Kd3 Rhc8 43. e4+ Rxe4 44. Rf7+ Ke6 45. Kxe4 Kxf7 46. Rg3 Kf6
47. Rxb3 Rc4+ 48. Kd3 Rc8) 41... Ke6 42. Rg7 Rxc4 (42... Ba5 $2 43. R2xg6+ Kf5
44. Rxc6 $18) 43. R2xg6+ Kd5 44. Rd7+ Kc5 45. Rc7+ Kb5 46. Rxc4 Kxc4 47. Rg4+
Kd5 48. Kxd2 Rc8 49. Kd3 Rc2 50. Rb4 Rxb2 51. Rb5+ Kd6 52. Kc3 Rb1 53. Rxb3
Rxb3+ 54. Kxb3 {Mit theoretischem Remis.} Kd5 55. Kc3 Ke4 56. Kd2 Kf3 57. Kd3
Kf2 (57... e4+ $4 58. Kd4 Kf2 59. Kxe4 $18) 58. Ke4 Ke2 59. Kxe5 Kxe3 1/2-1/2

[Event "Dortmund SuperGM 36th"]
[Site "Dortmund"]
[Date "2008.06.29"]
[Round "2"]
[White "Leko, Peter"]
[Black "Ivanchuk, Vassily"]
[Result "1-0"]
[WhiteElo "2741"]
[BlackElo "2740"]
[Annotator "Stohl,I"]
[PlyCount "113"]
[EventDate "2008.06.28"]
[EventType "tourn"]
[EventRounds "7"]
[EventCountry "GER"]
[EventCategory "18"]
[SourceTitle "CBM 125"]
[Source "ChessBase"]
[SourceDate "2008.07.30"]
[SourceVersion "1"]
[SourceVersionDate "2008.07.30"]
[SourceQuality "1"]

{[%mdl 2]} 1. e4 c5 2. Nf3 e6 3. d4 cxd4 4. Nxd4 Nc6 5. Nc3 a6 6. Nxc6 {
Nowadays White's main attempt against this Paulsen move-order.} ({After} 6. Be2
Qc7 7. O-O Nf6 8. Be3 {Black can (and often does!) steer into a Scheveningen
with} Be7 9. f4 d6 10. a4 O-O 11. Kh1 Re8 12. Bf3 Bf8 {-B85. Even the great
Paulsen expert Rublevsky prefers this transposition, as witness his recent
game with Jakovenko in Poikovsky 2008.}) 6... bxc6 7. Bd3 d5 8. O-O Nf6 9. Qf3
$5 {This is starting to become popular in place of the once main continuation}
(9. Re1 Be7 {The direct} 10. e5 (10. Qf3 O-O 11. Bg5 (11. Bf4 {is more usual,
as now Black can occupy more [+]().}) 11... d4 12. Na4 e5 13. b3 Nd7 14. Bxe7
Qxe7 15. c3 c5 16. Rac1 Qd6 17. Qg3 Bb7 18. Rc2 Rac8 19. Rec1 Qh6 20. Nb2 f5
21. exf5 e4 22. Bc4+ Kh8 $44 {<=>,Topalov,V (2772)-Mamedyarov,S (2757)/Sofia/
2007/}) 10... Nd7 11. Qg4 g6 12. Bh6 {can be effectively met by} Rb8 13. Qh3
Rb4 14. Bg7 Rh4 15. Qg3 Rg8 16. Bf6 Bxf6 17. exf6 g5 18. Qd6 Bb7 19. g3 Rh6
$132 20. Qb4 Bc8 21. Qd6 Bb7 22. Qb4 {1/2,Alekseev,E (2606)-Navara,D (2616)/
Lausanne/2004/}) 9... Be7 (9... Bd6 $143 $6 10. Bg5 (10. Re1 {is also good})
10... Qc7 11. Kh1 Nd7 12. Qh3 d4 13. Ne2 c5 14. b3 e5 15. Qg3 Nb6 16. c3 Bb7
17. cxd4 cxd4 18. Rac1 Qd7 19. f4 f6 20. fxe5 fxe5 (20... Bxe5 21. Bf4 $16) 21.
Rf5 Qe6 22. Bf4 $1 g6 23. Rxe5 Bxe5 24. Bxe5 O-O 25. Nxd4 Rac8 26. Re1 Qd7 27.
Nf5 Rfd8 28. Rf1 {1-0, Miton,K (2628)-Larino Nieto,D (2428)/Elgoibar/2007/}) (
9... Bb7 10. Bf4 Be7 11. Rfe1 {-9.Re1} O-O 12. Rad1 (12. e5 Nd7 13. Qg3 g6 14.
Bh6 Re8 15. Na4 c5 16. c4 Nb6 17. Nxb6 Qxb6 18. b3 Red8 19. cxd5 Rxd5 20. Bc4
Rd7 21. Rad1 Rad8 22. Rxd7 Rxd7 23. Qc3 Qd8 24. Be3 Rd1 $11 {1/2, Kovchan,A 
(2513)-Kovalyov,A (2525)/Sort/2008/}) 12... Nd7 (12... g6 $142 $5 13. Na4 Qa5
$132) 13. Na4 Nb6 14. Nxb6 Qxb6 15. b3 c5 16. exd5 Bxd5 17. Qh3 g6 18. Be5 Rfe8
19. Re3 Bf8 20. Qh4 Bg7 21. Bxg7 Kxg7 22. Rh3 h5 23. Qg5 Qd8 24. Rxh5 $16 {
Svidler,P (2723)-Anand,V (2766)/Cap d'Agde/2003/}) 10. Qg3 (10. e5 Nd7 11. Qg3
{leads to the game position with 2 moves less.}) 10... Nh5 (10... O-O $5 11.
Bh6 (11. e5 Nh5 (11... Ne8 12. Na4 $14) 12. Qf3 g6 13. Na4 f6 $132) 11... Ne8
12. Bd2 (12. Bf4 a5 13. exd5 cxd5 14. Nb5 {1/2, Lastin,A (2625)-Tunik,G (2503)/
St Petersburg/2002/} f6 $132) 12... a5 13. e5 (13. Rad1 Ba6 14. Bxa6 Rxa6 15.
Na4 Qc7 16. e5 c5 17. c4 Qc6 18. Nc3 d4 19. Nb5 a4 20. Rfe1 g6 21. h4 Nc7 22.
Nd6 Bxd6 23. exd6 Ne8 24. Bh6 Qxd6 25. Qg5 Ng7 26. Qf6 Ne8 27. Bxf8 Nxf6 28.
Bxd6 Rxd6 $44 {Movsesian,S (2670)-Laznicka,V (2610)/Bundesliga/2008/}) 13... a4
14. b3 axb3 15. axb3 Rxa1 16. Rxa1 f6 17. f4 g6 18. Qe1 fxe5 19. fxe5 Ng7 20.
Na4 c5 21. Be3 d4 22. Bh6 Bb7 23. Be4 Bxe4 24. Qxe4 Qa8 25. Qe1 Qb7 26. Nb2 Ra8
27. Rxa8+ $11 {1/2, Karjakin,S (2686)-Rublevsky,S (2680)/Foros/2007/}) (10...
h5 {is suspect:} 11. e5 Ng4 12. h3 Bh4 13. Qf4 Nh6 14. Qf3 g6 15. Na4 Nf5 16.
c4 O-O 17. Bxf5 exf5 18. cxd5 Qxd5 19. Qc3 Qe6 20. Nc5 Qe7 21. g3 Bg5 22. Bxg5
Qxg5 23. h4 Qe7 24. Rfd1 $16 {Leko,P (2738)-Mamedyarov,S (2757)/Dortmund/2007/
with a long-lasting edge for White. Although Leko didn't manage to win in the
end, Ivanchuk clearly was in no mood for such suffering}) 11. Qf3 (11. Qg4 g6
12. Bh6 Rb8 $132) (11. Qh3 g6 12. e5 f5 $5 13. Bh6 (13. exf6 $5 Bxf6 14. Bh6
Bg5 15. Bxg5 Qxg5 16. Qe3 $14) 13... Rb8 14. Be2 Rb4 15. Bxh5 Rh4 16. Qg3 Kf7
$5 17. Ne2 Rxh5 18. Bd2 c5 19. a3 Rh4 20. b4 Re4 21. Qf3 Bd7 22. Ng3 Rc4 $15 {
Movsesian,S (2695)-Predojevic,B (2651)/Sarajevo/2008/}) 11... Nf6 12. e5 {
After a short intermezzo Leko avoids repetition.} Nd7 13. Qg3 g6 (13... Kf8 14.
Na4 Rb8 15. b3 h5 16. Bb2 ({The bishop is not too useful here, more natural is
} 16. c4 $142 $36) 16... g6 17. f4 Nb6 18. Nxb6 Qxb6+ 19. Kh1 h4 20. Qh3 c5 21.
Rad1 Kg7 22. Ba1 a5 $132 {Jansa,V (2495)-Priehoda,V (2365)/Hamburg op/1995/})
14. Bh6 {This position is slightly different from Alekseev-Navara above,
White's Q is less exposed on g3 and this takes the sting out of the manoeuvre
Rb8-b4.} c5 $146 {[%mdl 8]} (14... Bf8 15. Bxf8 (15. Qf4 $5) 15... Kxf8 16.
Rfe1 (16. Na4 Qc7 17. Rfe1 c5 18. c4 d4 19. b3 Kg7 20. h4 h5 21. Nb2 Bb7 22.
Be4 a5 23. Rad1 Ra7 24. Bxb7 Qxb7 25. Qg5 Qa8 26. Rd3 Qd8 27. Qf4 Nb6 28. Rf3
Qe7 29. Nd3 Nd7 30. Nc1 a4 $132 {Nijboer,F (2556)-Rublevsky,S (2664) Bled ol 
(Men) 2002 (8.4) 1-0 Vachier Lagrave,M (2632)-Laznicka,V (2578)/EU-ch Plovdiv/
2008/ It proved rather difficult for White to emulate the model game}) 16... a5
(16... c5 $142 $14 {/=}) 17. Na4 Kg7 18. c4 h5 19. h4 Rb8 (19... Nb6 $14) 20.
b3 Nb6 21. Nc3 Qe7 22. Ne2 Bd7 23. Rac1 a4 24. Nf4 Rh6 25. Be2 $16 {Kurnosov,I
(2593)-Movsesian,S (2695)/EU-ch Plovdiv/2008/}) (14... a5 15. Rfe1 Ba6 16. Qh3
Bf8 17. Ne2 Qe7 18. Nd4 Bb7 19. c4 dxc4 20. Bxc4 Bxh6 21. Qxh6 Qf8 {Kurnosov,I
(2577)-Kobalia,M (2623)/Moscow/2008/} 22. Qe3 $36) 15. Na4 c4 $6 {Ivanchuk for
the time being ignores his uncastled K and opts for immediate activity.
However, although Black prevents c4, he gives White a chance to blow up the <<
with a timely b3.} ({The more circumspect} 15... Bf8 $5 {transposes to the 14..
.Bf8 lines.}) (15... Nb6 16. Nxb6 Qxb6 17. b3 Bf8 18. Qf4 $1 $36) 16. Be2 Bb7
17. b3 $5 Bc6 18. Nb2 Rb8 (18... Nxe5 19. Qxe5 $1 (19. Bg7 Bf6 20. Bxh8 Bxh8
$44) (19. bxc4 f6 $5 $13 {[%cal Ye8f7] /\Kf7}) 19... Bf6 20. Qg3 Bxb2 21. Rab1
c3 (21... Bf6 22. bxc4 $36) 22. Bg7 Rg8 23. Bxc3 Bxc3 24. Qxc3 Bb5 25. Rbe1 $14
{[%csl Re8] עe8}) (18... Qb8 19. Rab1 $5 $14) 19. Nd1 (19. Rab1 $5) 19... Nc5
(19... Nxe5 $5 20. Bg7 Bf6 21. Bxh8 Bxh8 22. Ne3 h5 $5 23. Rad1 Qb6 $44 {/\}
24. bxc4 d4) 20. Ne3 $36 {[%csl Re8,Rf6][%cal Ye3g4,Yh6g7][%mdl 4] /\Ng4, Bg7,
><f6 White has realized his opening plan without much hindrance, his N already
heads for f6 and Black still hasn't safeguarded his K.} Ne4 (20... Bf8 21. Bxf8
Kxf8 22. Qf4 Kg7 23. bxc4 d4 24. Ng4 $16) 21. Qh3 {[%cal Rh6g7] /\Bg7} Ng5 {
The N will eventually be lost here, but White is on top also after} (21... Rg8
22. bxc4 (22. Bf3 cxb3 (22... Nd2 23. bxc4 $16) 23. axb3 Nd2 24. Rfd1 $36)
22... d4 23. Ng4 $16) 22. Qg4 c3 23. a3 $1 (23. Bxa6 $14 {is perhaps also
possible, but Leko first of all stops any <=>, connected with Rb4.}) 23... Bb5
$2 (23... Ne4 $142 24. Bxa6 d4 25. Rfd1 $5 (25. Rad1 Bf8 26. Bxf8 Kxf8 27. Nc4
Nc5 28. Rxd4 Bd5 29. Nd6 Nxa6 30. Qf4 Qe7 31. Rd3 $14) 25... Bf8 (25... Qb6 26.
Bd3 dxe3 27. Bxe4 exf2+ 28. Kh1 $36) 26. Bxf8 Kxf8 27. Bd3 Nxf2 28. Kxf2 dxe3+
29. Kxe3 $14 {/+/-}) 24. Bxb5+ axb5 25. f3 $1 {[%csl Rg5][%cal Rh2h4] פg5, /
\h4} Qb6 {Black's N is in terminal trouble and Ivanchuk seeks desperate <=>.}
26. Rae1 d4 27. Nd1 ({White can already aspire for more than a healthy P after
} 27. Bxg5 h5 28. Qf4 Bxg5 29. Qxg5 dxe3 30. Qxe3 $16) 27... d3+ 28. Kh1 (28.
Nf2 $5 d2 29. Re2 $16 {/+-}) 28... dxc2 29. Nf2 Bc5 30. Nd3 Be3 31. Bxg5 Bd2
32. Re2 O-O {Black has finally managed to castle, but it's too late and his
position is ruined beyond repair.} (32... Qa5 $142 33. Ra1 O-O $16) 33. Nc1 $1
(33. Bxd2 $6 cxd2 34. Rxd2 Rfd8 35. Qe4 Qd4 $1 $14) 33... b4 (33... Qa5 34. Be7
Rfe8 35. Bd6 Rbd8 36. Qe4 $18) 34. Bxd2 cxd2 35. Rxd2 bxa3 36. Rxc2 Rfc8 37.
Qe4 $18 Rxc2 38. Qxc2 Qd4 39. Na2 $6 (39. f4 $142 $5 {/\} Qb2 40. Rf2 $18)
39... Qxe5 (39... Qb2 40. Qxb2 axb2 41. Rb1 Rxb3 42. Kg1 Kf8 43. Kf2 $18) 40.
b4 Rd8 41. h3 h5 42. Rb1 Qe3 43. Rd1 Rd5 $1 44. Qb1 Qe2 45. Re1 (45. Rxd5 $6
exd5 46. b5 d4 47. b6 Qb2 $1 48. Qe4 $1 d3 (48... Qxb6 49. Qa8+ Kg7 50. Qxa3
$18) 49. b7 d2 50. Qd5 Qc1+ $1 51. Kh2 Qc7+ 52. g3 Qxb7 53. Qxb7 d1=Q $132)
45... Qd2 $6 (45... Qf2 $1 46. Rf1 Qe3 47. Qe1 Qb3 48. Qe2 Rd4 $16 {/+/=}) 46.
Rc1 $18 Rd8 (46... Qf2 47. Rc2 Qd4 (47... Qe3 48. b5 $18) 48. Nc3 Rd7 49. b5
$18) 47. b5 Rb8 48. Rc3 h4 49. b6 (49. Rxa3 $18) 49... Qd6 50. Rb3 Rb7 51. Nc3
Qc6 52. Rxa3 Qxb6 (52... Rxb6 53. Qe1 $18 {[%csl Rh4] ><h4}) 53. Qxb6 Rxb6 54.
Ra4 g5 55. f4 Rb3 56. Ne2 Re3 57. Ng1 $1 {Wins another P, converting a full
extra piece doesn't present any problems.} 1-0

[Event "St Petersburg-ch"]
[Site "St Petersburg"]
[Date "1995.??.??"]
[Round "1"]
[White "Svidler, Peter"]
[Black "Kochyev, Alexander"]
[Result "1/2-1/2"]
[WhiteElo "2585"]
[BlackElo "2455"]
[Annotator "Svidler,P"]
[PlyCount "147"]
[EventDate "1995.04.??"]
[EventType "tourn"]
[EventRounds "12"]
[EventCountry "RUS"]
[EventCategory "9"]
[SourceTitle "CBM 047"]
[Source "ChessBase"]
[SourceDate "1995.08.01"]
[SourceVersion "1"]
[SourceVersionDate "1995.08.01"]
[SourceQuality "1"]

1. e4 {Hecht} c5 2. Nf3 e6 3. Nc3 a6 4. g3 Nc6 5. Bg2 d6 6. d4 cxd4 7. Nxd4
Nge7 8. Nb3 Bd7 9. a4 Nc8 (9... b6 10. Qxd6 $1 Nd5 11. exd5 $1 Bxd6 12. dxc6
Ra7 (12... Bc8 13. c7 Qxc7 14. Bxa8 Bb7 15. Bxb7 Qxb7 16. Rg1 $18) 13. cxd7+
Qxd7 14. Be3 $16) 10. a5 Be7 11. O-O O-O (11... Bf6 $5 12. Be3 Bxc3 13. bxc3
Ne5 (13... O-O 14. c4 $14) 14. Nd2 $5 Bb5 15. c4 Bxc4 (15... Nxc4 16. Nxc4 Bxc4
17. Qd4 $5 Bxf1 18. Qxg7 Bxg2 (18... Rf8 19. Bh6 Qe7 20. Bxf1 $16) 19. Bg5 $1
Qc7 20. Qxh8+ Kd7 21. Kxg2 $16) 16. Nxc4 Nxc4 17. Qd4 Nxe3 (17... Ne5 18. f4
$18) 18. Qxg7 Nxf1 (18... Rf8 19. fxe3 $40) 19. Qxh8+ Ke7 20. Qb2 $1 $16) 12.
Be3 Qc7 $1 (12... Ne5 13. Qe2 Qc7 14. Nd2 $1 Bf6 15. Bd4 $16) (12... Bf6 13.
Na4 $14) 13. Na4 (13. f4 b5 $1 14. axb6 Nxb6 $132) (13. Qe2 Bf6 14. Rfd1 (14.
Na4 Ne5 15. Nb6 Nxb6 16. Bxb6 Qc8 $13 {/\ 17...Bb5, 17...Nc4}) 14... Bxc3 15.
bxc3 Ne5 $13) 13... Ne5 14. Nb6 Nxb6 15. Bxb6 (15. axb6 $5 Qc8 16. Na5 Nc4 $8
17. Nxc4 Qxc4 18. b3 Qc8 19. c4 $14) 15... Qc8 16. Nd2 $1 Nc4 $5 (16... Bc6 17.
Re1 $1 f5 18. f4 Nd7 19. exf5 (19. Bf2 e5 $1 $13) 19... Bxg2 20. Kxg2 Rxf5 21.
Nf3 $14) 17. Nxc4 Qxc4 18. b3 Qc8 (18... Qb4 19. c3 $1 Qxc3 (19... Qb5 20. c4
$16) 20. Rc1 Qf6 (20... Qb4 21. Rc7 Rfd8 22. Rxb7 Bf6 (22... Rab8 23. Bxd8 Rxb7
24. Bxe7 $18) 23. e5 Bxe5 24. Bxd8 $18) 21. e5 $1 Qxe5 22. Rc7 Rad8 23. Rxb7
$16) 19. c4 Bc6 20. Qe2 f5 21. b4 $6 (21. Rad1 f4 $1 $13) (21. exf5 $1 Bxg2 22.
Kxg2 Rxf5 23. Rfe1 Re5 (23... Qc6+ 24. Kg1 Re5 25. Qg4 $1 $16) 24. Qg4 Bf6 25.
Rxe5 Bxe5 26. Re1 $16) 21... Qd7 $1 (21... f4 $6 22. b5 $1 Be8 (22... axb5 23.
cxb5 f3 24. Bxf3 Bxb5 25. Qxb5 Rxf3 26. Rac1 $16) 23. e5 $1 dxe5 24. Be4 $16)
22. Rfd1 (22. Rad1 f4 $1 23. Qg4 (23. c5 $2 Bb5) 23... e5 24. Qxd7 Bxd7 25. c5
f3 26. Bh1 Bb5 27. cxd6 Bd8 28. Rfe1 Bxb6 29. axb6 g5 $1 $13) 22... fxe4 (22...
f4 23. Qg4 e5 24. Qxd7 Bxd7 25. c5 Rf6 26. Bc7 $16) 23. Bxe4 (23. Rab1 e3 $1
24. Bxe3 Bxg2 25. Kxg2 Qc6+ $13) 23... Bxe4 24. Qxe4 Rac8 $132 25. Be3 (25. Ra2
$5 Rf6 26. Re2 Qc6 27. Qxc6 Rxc6 28. Re4 $14) 25... Rf5 {/\ 26...d5} (25... Rf6
26. Bg5 Rf7 27. Bxe7 Qxe7 28. Ra2 $14) 26. Rd3 $5 d5 27. Rad1 dxe4 (27... Rd8
$5 28. Bb6 dxe4 29. Rxd7 Rxd7 30. Rxd7 Bxb4 31. Rxb7 Bxa5 32. c5 (32. g4 $6 Rg5
33. Be3 Rxg4+ 34. Kh1 Rg6 $1 35. c5 e5 $17) 32... Bxb6 33. cxb6 Rb5 $10) 28.
Rxd7 Bxb4 29. Rxb7 Bxa5 $138 (29... Rxc4 $1 30. Rdd7 Bc3 31. Rd6 Bxa5 32. Rxa6
$10) 30. c5 Rf7 31. Rb3 (31. Rxf7 Kxf7 32. Ra1 Bb4 $10) 31... Rc6 32. Rd6 Rxd6
(32... Rfc7 33. Rd8+ Kf7 34. Ra8 Rc8 $1 $10) 33. cxd6 Rd7 34. Bc5 {Hecht:
RB<->RB. W hat Raumvorteil.} (34. Ra3 $10) 34... Bd8 35. Kf1 (35. Re3 $10)
35... Kf7 36. Ke2 Bg5 $6 $138 (36... Kf6 $5 37. Rb8 Ke5 38. Ra8 a5 39. Ba3 Kd5
40. Rb8 $36) 37. h4 $6 (37. Ra3 e5 38. Rxa6 Ke6 39. Ra8 $14) 37... Bh6 38. Ra3
e5 39. Rxa6 Ke6 40. Ba3 (40. Ra8 g6 41. g4 Kf7 $10) 40... g6 41. Ra8 Kf7 42. g4
Bf8 43. Ra6 Ke6 (43... Bh6 $1 44. g5 Bf8 45. Ke3 Ke6 46. Kxe4 Bxd6 $10) 44. Ke3
Bxd6 45. Kxe4 $14 Rd8 {Hecht: RB<->RB. 3P<->3P am K-Flügel. S Bauernschwäche
h7.} 46. h5 Rd7 (46... gxh5 $2 47. gxh5 Rd7 48. f3 Rd8 49. Bxd6 Rxd6 50. Rxd6+
Kxd6 51. Kf5 Kd5 52. h6 Kd4 53. Kf6 $18) 47. h6 Rd8 48. Rc6 Rd7 49. Rb6 Rd8 50.
Ra6 Rd7 51. g5 Rd8 52. Bb2 $1 Ke7 $8 (52... Rd7 53. Bxe5 Ke7 54. Ra8 $16) 53.
f4 $1 Rb8 $8 54. Bc3 $2 (54. Bxe5 Bxe5 55. Kxe5 (55. fxe5 Rb7 $10) 55... Kf7
$10) (54. fxe5 $5 Bc5 (54... Rxb2 55. exd6+ Ke6 56. Ra7 (56. d7+ Kxd7 57. Ke5 (
57. Ra7+ Ke6 58. Rxh7 Rb4+ 59. Kf3 Rb3+ 60. Ke2 Rg3 61. Rh8 Kf7 $10) 57... Ke7
58. Ra7+ Kf8 59. Rxh7 Rb5+ 60. Kf6 Rb6+ $10) 56... Kxd6 (56... Rb4+ 57. Kd3 Rg4
58. Rxh7 Kxd6 (58... Rxg5 59. d7 Rd5+ 60. Kc4 Rd1 61. Rg7 Kf6 62. Kc5 g5 63.
Kc6 Rc1+ 64. Kb7 Rd1 65. Kc7 Rc1+ 66. Kd8 $18) 59. Rh8 $1 $18) 57. Rxh7 Rb4+
58. Kd3 Ke6 (58... Rg4 59. Rh8 $1 $18) (58... Rb5 59. Rh8 Rb7 60. Rf8 $18) 59.
Rh8 Kf7 (59... Rh4 60. Rf8 $18) 60. Ra8 Rh4 61. h7 Rxh7 62. Ra7+ Kg8 63. Rxh7
Kxh7 64. Ke4 Kg7 65. Ke5 Kf7 66. Kd6 $18) 55. Bc3 Rb3 56. Bd2 Rb2 $16) (54.
Rxd6 {Hecht} Rxb2 55. fxe5 Rb4+ 56. Rd4 Rxd4+ 57. Kxd4 Ke6 58. Ke4 Ke7 59. Kd5
Kd7 60. e6+ Ke8 61. Ke4 Kd8 62. Kf4 Ke8 63. Ke5 Ke7 64. Kd5 Ke8 65. Kd6 Kd8 66.
e7+ Ke8 67. Kd5 Kxe7 68. Ke5 Kf7 69. Kd6 Kf8 $10) 54... exf4 $1 (54... Rb3 55.
fxe5 Bc5 $16 (55... Rxc3 56. exd6+ Ke6 57. Ra7 $18 {- 54.fe5 Rb2 55.ed6 Ke6 56.
Ra7+-} (57. d7+ $5 Kxd7 58. Ke5 $1 Ke7 59. Ra7+ Kf8 60. Rxh7 Rc5+ 61. Ke6 $1
Rc6+ (61... Rxg5 62. Rh8#) 62. Kd5 Ra6 63. Rd7 Kg8 64. Ke5 Ra5+ 65. Rd5 Ra7 66.
Rd6 Kh7 67. Kf6 Rb7 68. Re6 $18))) 55. Ra7+ (55. Rxd6 $2 Kxd6 56. Be5+ Ke6 57.
Bxb8 Kf7 (57... f3 {Hecht} 58. Kxf3 Kf7 59. Ke4 Kg8 $10 {Hecht: Festung!
Verteidigungsidee!}) 58. Bxf4 Kg8 $10) 55... Ke6 56. Rxh7 f3 $1 57. Ra7 (57.
Kxf3 Rb3) (57. Rg7 f2 58. Rxg6+ Kd7 59. Rf6 Rf8 60. Rxf8 Bxf8 61. h7 f1=Q 62.
h8=Q $10) 57... f2 58. Ra1 Ra8 $1 (58... Bb4 $5 59. Bd4 $1 Be1 60. Ra6+ Ke7 61.
Rf6 $16 {/\ 62.Rf3, 63.h7+-}) 59. Rf1 Ra4+ 60. Kd3 Rh4 61. Rxf2 Rh3+ 62. Kc4
Rh4+ 63. Kb5 Be7 64. Bf6 $2 (64. Bd2 $1 $14) 64... Bf8 $1 $10 65. Re2+ (65. Bg7
Be7 $10 (65... Be7 {Hecht} 66. Rg2 Kf5 $10)) 65... Kf7 66. Kc6 Bxh6 67. Re7+
Kf8 68. gxh6 Rxh6 69. Kd6 {RB<->R} Rh1 70. Rb7 Rc1 $1 71. Bg7+ Kg8 72. Bb2 Rc2
73. Ke6 Rc6+ 74. Kd5 (74. Ke7 Kh7 $10) 1/2-1/2